[Event "CAN-ch"]
[Site "Toronto CAN"]
[Date "2004.08.23"]
[Round "4.17"]
[White "Stevens, Christian"]
[Black "Feoktistov, Dmitri"]
[Result "1-0"]
[WhiteElo "2320"]
[BlackElo "2175"]
[PlyCount "77"]
[GameId "2160767911077938"]
[EventDate "2004.08.20"]
[EventType "swiss"]
[EventRounds "11"]
[EventCountry "CAN"]

1. e4 c6 2. d4 d5 3. Nd2 dxe4 4. Nxe4 Bf5 5. Ng3 Bg6 6. h4 h6 7. Nf3 Nd7 8. h5 Bh7 9. Bd3 Bxd3 10. Qxd3 Qc7 11. Bd2 Ngf6 12. O-O-O e6 13. Ne4 O-O-O 14. g3 Nxe4 15. Qxe4 Bd6 16. c4 c5 17. Bc3 Nf6 18. Qe2 cxd4 19. Nxd4 a6 20. f4 Bc5 21. Kb1 Bxd4 22. Bxd4 Qc6 23. Rhe1 Rd7 24. Be5 Rhd8 25. Rxd7 Qxd7 26. g4 Qd3+ 27. Qxd3 Rxd3 28. g5 Ne8 29. Bc3 Rg3 30. Bxg7 hxg5 31. h6 Rh3 32. fxg5 Kd7 33. Bf8 Nc7 34. Rd1+ Ke8 35. Bg7 e5 36. Bxe5 Ne6 37. Bf6 Rh5 38. Rd5 Rh2 39. a4 1-0

[Event "CAN-ch"]
[Site "Toronto CAN"]
[Date "2004.08.23"]
[Round "4.19"]
[White "Predescu, Sebastian"]
[Black "Bailey, Doug"]
[Result "0-1"]
[WhiteElo "2232"]
[BlackElo "2290"]
[PlyCount "92"]
[GameId "2160767911077940"]
[EventDate "2004.08.20"]
[EventType "swiss"]
[EventRounds "11"]
[EventCountry "CAN"]

1. e4 c5 2. Nf3 d6 3. d4 cxd4 4. Nxd4 Nf6 5. Nc3 g6 6. Be3 Bg7 7. f3 O-O 8. Qd2 Nc6 9. O-O-O a5 10. g4 Nxd4 11. Bxd4 a4 12. a3 Qa5 13. g5 Nh5 14. Nd5 e6 15. Qxa5 Rxa5 16. Bb6 exd5 17. Bxa5 dxe4 18. fxe4 Be5 19. Bb5 Bg4 20. Rde1 Nf4 21. Bd2 Rc8 22. Kb1 Ng2 23. Ref1 Nh4 24. Rf2 Bf3 25. Re1 Rc7 26. Bxa4 Re7 27. c3 Bg2 28. Bb3 Bh3 29. Kc2 b5 30. Bd5 Kg7 31. Bc6 f5 32. gxf6+ Bxf6 33. Bxb5 g5 34. Bc6 g4 35. Bf4 Nf3 36. Rd1 Ne5 37. Rxd6 h5 38. Bxe5 Bxe5 39. Rd3 h4 40. a4 Kh6 41. Kd2 Rg7 42. Rxh3 gxh3 43. Ke2 Rg2 44. Rxg2 hxg2 45. Kf2 h3 46. Kg1 Bf4 0-1

[Event "CAN-ch"]
[Site "Toronto CAN"]
[Date "2004.08.23"]
[Round "4.20"]
[White "Thavandiran, Shiyam"]
[Black "Djerkovic, Miladin"]
[Result "0-1"]
[WhiteElo "2253"]
[BlackElo "2270"]
[PlyCount "102"]
[GameId "2160767911077941"]
[EventDate "2004.08.20"]
[EventType "swiss"]
[EventRounds "11"]
[EventCountry "CAN"]

1. e4 e5 2. Nf3 Nc6 3. Bb5 a6 4. Bxc6 dxc6 5. O-O Qd6 6. Na3 Be6 7. Qe2 f6 8. Rd1 O-O-O 9. d4 Bg4 10. Be3 Qe6 11. dxe5 Rxd1+ 12. Rxd1 Bxa3 13. bxa3 fxe5 14. c4 Ne7 15. Qb2 Bxf3 16. gxf3 c5 17. Qd2 b6 18. Bg5 Nc6 19. Qd5 Qg6 20. Qd7+ Kb7 21. Qg4 Nd4 22. Kg2 Rf8 23. Be3 Rf6 24. h4 Nxf3 25. Qxg6 Nxh4+ 26. Kg3 Nxg6 27. Rd7 Nf4 28. Bxf4 Rxf4 29. f3 Rf6 30. Re7 Rg6+ 31. Kh4 b5 32. Rxe5 bxc4 33. Rxc5 Rc6 34. Rd5 c3 35. Rd1 c2 36. Rc1 Kc8 37. Kg4 Kd7 38. f4 Rc3 39. Kf5 Ke7 40. a4 a5 41. Kg4 Ke6 42. Kg5 Rc5+ 43. Kg4 Rc3 44. Kg5 Ke7 45. Kf5 Rc5+ 46. Kg4 h6 47. e5 Ke6 48. Kh5 Kf5 49. e6 Kf6+ 50. f5 Rxf5+ 51. Kg4 Rc5 0-1

[Event "CAN-ch"]
[Site "Toronto CAN"]
[Date "2004.08.23"]
[Round "4.22"]
[White "MacDonald, Jonathan"]
[Black "Ochkoos, Jura"]
[Result "0-1"]
[WhiteElo "2125"]
[BlackElo "2338"]
[PlyCount "86"]
[GameId "2160767911077942"]
[EventDate "2004.08.20"]
[EventType "swiss"]
[EventRounds "11"]
[EventCountry "CAN"]

1. e4 e5 2. Nf3 Nc6 3. Nc3 Nf6 4. d4 exd4 5. Nd5 Be7 6. Bc4 d6 7. Nxd4 O-O 8. O-O Nxd5 9. Bxd5 Nxd4 10. Qxd4 Bf6 11. Qd3 Qe7 12. c3 Re8 13. Bf4 Be5 14. Qg3 Bxf4 15. Qxf4 Rb8 16. Rad1 Be6 17. Rfe1 Bxd5 18. Rxd5 Rbd8 19. Re3 f6 20. Rh5 Qf7 21. Ra5 a6 22. h4 Re5 23. Ra4 Rde8 24. Rg3 b5 25. Rd4 f5 26. exf5 Rxf5 27. Qg4 Re1+ 28. Kh2 h5 29. Qh3 Rxf2 30. Re3 Rxg2+ 31. Qxg2 Rxe3 32. Re4 Rxe4 33. Qxe4 d5 34. Qe5 a5 35. b3 Kh7 36. a4 bxa4 37. bxa4 c6 38. c4 Qf2+ 39. Kh3 Qf3+ 40. Kh2 dxc4 41. Qxa5 Qg4 42. Qd8 Qe2+ 43. Kh3 Qd3+ 0-1

[Event "CAN-ch"]
[Site "Toronto CAN"]
[Date "2004.08.23"]
[Round "4.23"]
[White "Golts, Roman"]
[Black "Wang, David"]
[Result "1/2-1/2"]
[WhiteElo "2271"]
[BlackElo "2183"]
[PlyCount "35"]
[GameId "2160767911077943"]
[EventDate "2004.08.20"]
[EventType "swiss"]
[EventRounds "11"]
[EventCountry "CAN"]

1. e4 e5 2. Nf3 Nc6 3. Bb5 a6 4. Ba4 Nf6 5. O-O Nxe4 6. d4 b5 7. Bb3 d5 8. dxe5 Be6 9. Nbd2 Bc5 10. Nxe4 dxe4 11. Bxe6 fxe6 12. Ng5 Qxd1 13. Rxd1 O-O 14. Nxe4 Bb6 15. b3 Nxe5 16. h3 Nc6 17. c3 Ne5 18. Be3 1/2-1/2

[Event "CAN-ch"]
[Site "Toronto CAN"]
[Date "2004.08.23"]
[Round "4.24"]
[White "Urquhart, Eddie"]
[Black "Lipnowski, Samuel"]
[Result "0-1"]
[WhiteElo "2273"]
[BlackElo "2078"]
[PlyCount "82"]
[GameId "2160767911077944"]
[EventDate "2004.08.20"]
[EventType "swiss"]
[EventRounds "11"]
[EventCountry "CAN"]

1. e4 e5 2. Nf3 Nc6 3. Bc4 Bc5 4. b4 Bxb4 5. c3 Bd6 6. O-O Nf6 7. Re1 O-O 8. d4 h6 9. Nbd2 Nh7 10. Nf1 Re8 11. Ng3 exd4 12. cxd4 Bxg3 13. hxg3 d6 14. Bb2 Rb8 15. Nh4 Bd7 16. Qh5 Rf8 17. f4 b5 18. Bd3 Nf6 19. Qe2 Re8 20. e5 Bg4 21. Qe3 d5 22. Rac1 Rb6 23. Bb1 Qd7 24. Qd3 Ne4 25. Rxe4 dxe4 26. Qxe4 g6 27. f5 Bxf5 28. Nxf5 Qxf5 29. Qe3 Qg5 30. Qe4 Qd2 31. Rxc6 Qxb2 32. Rxc7 Rd6 33. exd6 Rxe4 34. Bxe4 Qxd4+ 35. Kh2 Qxd6 36. Rxa7 h5 37. Bc2 h4 38. Bb3 Qxg3+ 39. Kh1 h3 40. Bxf7+ Kf8 41. Bd5 Qe1+ 0-1

[Event "CAN-ch"]
[Site "Toronto CAN"]
[Date "2004.08.23"]
[Round "4.25"]
[White "Meng, Ang"]
[Black "Schmidt, Tom"]
[Result "1-0"]
[WhiteElo "2159"]
[BlackElo "2216"]
[PlyCount "75"]
[GameId "2160767911077945"]
[EventDate "2004.08.20"]
[EventType "swiss"]
[EventRounds "11"]
[EventCountry "CAN"]

1. f4 d5 2. g3 Nf6 3. Bg2 g6 4. Nf3 Bg7 5. O-O O-O 6. e3 c5 7. d3 Nc6 8. Nbd2 Qc7 9. a4 b6 10. Nh4 Ng4 11. Nb3 Rd8 12. f5 Nge5 13. d4 Nc4 14. fxg6 hxg6 15. Qf3 Be6 16. c3 Nd6 17. Qf4 cxd4 18. exd4 Rac8 19. Qe3 Na5 20. Nxa5 bxa5 21. Nxg6 Nc4 22. Qe2 Qd7 23. Nf4 Bg4 24. Bf3 Bxf3 25. Qxf3 Qf5 26. b3 Nb6 27. Bd2 Rc6 28. Rae1 e5 29. g4 Qd7 30. dxe5 d4 31. c4 Re8 32. Nd3 f6 33. Bf4 Qc8 34. c5 Nd7 35. Qd5+ Kh8 36. e6 Nxc5 37. Qh5+ Kg8 38. Qf7+ 1-0

[Event "CAN-ch"]
[Site "Toronto CAN"]
[Date "2004.08.23"]
[Round "4.26"]
[White "Jung, Hans"]
[Black "Cleto, Sam"]
[Result "1-0"]
[WhiteElo "2208"]
[BlackElo "1928"]
[PlyCount "74"]
[GameId "2160767911077946"]
[EventDate "2004.08.20"]
[EventType "swiss"]
[EventRounds "11"]
[EventCountry "CAN"]

1. e4 c5 2. Nf3 d6 3. h3 Nc6 4. c3 Nf6 5. Bd3 e5 6. Bc2 Be7 7. Qe2 Bd7 8. Na3 a6 9. Nc4 Na5 10. b3 b5 11. Ne3 b4 12. O-O Nc6 13. Nd5 Be6 14. Ng5 h6 15. Nxe6 fxe6 16. Nxf6+ Bxf6 17. Qh5+ Ke7 18. a3 Qe8 19. Qe2 h5 20. axb4 cxb4 21. Rxa6 Rxa6 22. Qxa6 g5 23. Bd3 g4 24. h4 Qa8 25. g3 Na5 26. Qb6 Rc8 27. Ba6 Nxb3 28. Bxc8 Qxc8 29. Qxb4 Nc5 30. Ba3 Qc6 31. d3 Kf7 32. Qc4 Qb6 33. Bxc5 dxc5 34. Ra1 Kg6 35. Qa4 Qb2 36. Qe8+ Kh6 37. Ra7 c4 1-0

[Event "CAN-ch"]
[Site "Toronto CAN"]
[Date "2004.08.23"]
[Round "4.27"]
[White "St Amand, Paul Jr"]
[Black "Davies, Lucas"]
[Result "1/2-1/2"]
[WhiteElo "2139"]
[BlackElo "2153"]
[PlyCount "41"]
[GameId "2160767911077947"]
[EventDate "2004.08.20"]
[EventType "swiss"]
[EventRounds "11"]
[EventCountry "CAN"]

1. d4 Nf6 2. Nf3 e6 3. e3 b6 4. Bd3 Bb7 5. Nbd2 d6 6. O-O g6 7. Re1 Bg7 8. e4 O-O 9. Nf1 h6 10. Ng3 Nc6 11. c3 e5 12. h3 Nd7 13. Be3 Kh7 14. Rc1 Ne7 15. Qc2 Rc8 16. dxe5 dxe5 17. Rcd1 Nc6 18. Rd2 Qe7 19. b4 Rfd8 20. Red1 Nf8 21. Qa4 1/2-1/2

[Event "CAN-ch"]
[Site "Toronto CAN"]
[Date "2004.08.23"]
[Round "4.28"]
[White "Bogle, Bill"]
[Black "Masse, Hugues"]
[Result "0-1"]
[WhiteElo "2118"]
[BlackElo "2188"]
[PlyCount "126"]
[GameId "2160767911077948"]
[EventDate "2004.08.20"]
[EventType "swiss"]
[EventRounds "11"]
[EventCountry "CAN"]

1. c4 Nf6 2. Nc3 d5 3. cxd5 Nxd5 4. g3 g6 5. Bg2 Nxc3 6. bxc3 Bg7 7. Qb3 Nd7 8. a4 c5 9. a5 Rb8 10. Nh3 O-O 11. Nf4 e6 12. h4 Qc7 13. h5 c4 14. Qa4 Ne5 15. Ba3 Rd8 16. hxg6 hxg6 17. Bb4 Bd7 18. Qa3 Bc6 19. O-O-O Bxg2 20. Nxg2 Ng4 21. Rdf1 Qd7 22. Qa2 b6 23. Rh4 Ne5 24. Rd4 Qc7 25. Rxd8+ Rxd8 26. Ne3 b5 27. a6 Nc6 28. Nc2 Qd7 29. Rd1 Nxb4 30. Nxb4 Bxc3 31. Nc6 Bb2+ 32. Qxb2 Qxc6 33. Qf6 Qd5 34. f3 Qd4 35. Qxd4 Rxd4 36. Kc2 Kf8 37. Kc3 Rd5 38. Ra1 Ke7 39. Ra2 Kd6 40. d3 cxd3 41. exd3 Kc5 42. Rb2 b4+ 43. Rxb4 Rxd3+ 44. Kxd3 Kxb4 45. Kd4 Kb5 46. Ke5 Kxa6 47. Kf6 Kb5 48. Kxf7 a5 49. Kxe6 a4 50. Kf6 a3 51. Kxg6 a2 52. f4 a1=Q 53. f5 Qg1 54. f6 Qxg3+ 55. Kh7 Qh4+ 56. Kg6 Qg4+ 57. Kh6 Qf5 58. Kg7 Qg5+ 59. Kf7 Kc6 60. Ke6 Qd5+ 61. Ke7 Qe5+ 62. Kf7 Kd7 63. Kg6 Ke8 0-1

[Event "CAN-ch"]
[Site "Toronto CAN"]
[Date "2004.08.23"]
[Round "4.29"]
[White "Patterson, Roger"]
[Black "Belzberg, Sid"]
[Result "1-0"]
[WhiteElo "2195"]
[BlackElo "2039"]
[PlyCount "55"]
[GameId "2160767911077949"]
[EventDate "2004.08.20"]
[EventType "swiss"]
[EventRounds "11"]
[EventCountry "CAN"]

1. e4 c5 2. Nf3 d6 3. d4 cxd4 4. Nxd4 Nf6 5. Nc3 a6 6. f4 e6 7. Qf3 Qc7 8. Be3 Be7 9. O-O-O Nc6 10. g4 Nxd4 11. Bxd4 e5 12. fxe5 dxe5 13. Qg3 Bd6 14. Bf2 Bxg4 15. h3 Bxd1 16. Qxg7 O-O-O 17. Qxf6 Qa5 18. Bc4 Bxc2 19. Kxc2 Qc7 20. Qxf7 Qxf7 21. Bxf7 Kb8 22. Be6 Rde8 23. Bf5 Be7 24. Rg1 Reg8 25. Nd5 Rxg1 26. Bxg1 Rg8 27. Bb6 Rg7 28. Bc7+ 1-0

[Event "CAN-ch"]
[Site "Toronto CAN"]
[Date "2004.08.23"]
[Round "4.30"]
[White "Khaziyeva, Dinara"]
[Black "Starr (Shterenberg), Nava"]
[Result "0-1"]
[WhiteElo "2098"]
[BlackElo "2229"]
[PlyCount "94"]
[GameId "2160767911077950"]
[EventDate "2004.08.20"]
[EventType "swiss"]
[EventRounds "11"]
[EventCountry "CAN"]

1. Nf3 g6 2. g3 Bg7 3. Bg2 d5 4. c4 d4 5. d3 c5 6. O-O Nc6 7. a3 Bg4 8. h3 Bd7 9. Nbd2 Qc8 10. Kh2 Qc7 11. Ne4 b6 12. Rb1 a5 13. b3 Rd8 14. Ne1 f5 15. Nd2 Nf6 16. Nc2 O-O 17. b4 f4 18. Ne4 fxg3+ 19. fxg3 Nxe4 20. Bxe4 Be5 21. Rxf8+ Rxf8 22. Qg1 Bf5 23. Bf3 Kg7 24. Qg2 Nd8 25. bxa5 bxa5 26. Bd2 Bd7 27. Ne1 h5 28. h4 a4 29. Be4 Bf6 30. Bf4 Qa5 31. Rc1 Ne6 32. e3 dxe3 33. Bxe3 Rb8 34. g4 Rb2 35. Nc2 Qc7+ 36. Kg1 Nf4 37. Qd2 Nh3+ 38. Kg2 hxg4 39. Rf1 Be6 40. d4 Bxc4 41. Re1 Bxh4 42. Bh6+ Kg8 43. Re3 Nf4+ 44. Kg1 Rb1+ 45. Ne1 Bxe1 46. Rxe1 Ne2+ 47. Kh1 Qg3 0-1

[Event "CAN-ch"]
[Site "Toronto CAN"]
[Date "2004.08.23"]
[Round "4.31"]
[White "Boik, Andrew"]
[Black "Southam, David"]
[Result "1/2-1/2"]
[WhiteElo "2058"]
[BlackElo "2129"]
[PlyCount "147"]
[GameId "2160767911077951"]
[EventDate "2004.08.20"]
[EventType "swiss"]
[EventRounds "11"]
[EventCountry "CAN"]

1. e4 e6 2. c4 d5 3. cxd5 exd5 4. exd5 Nf6 5. Bb5+ Nbd7 6. Nc3 Be7 7. d3 O-O 8. Be3 a6 9. Bxd7 Qxd7 10. Nf3 Nxd5 11. O-O b6 12. Re1 Bb7 13. Rc1 Rad8 14. d4 f6 15. Qc2 Nxc3 16. bxc3 Bd6 17. Qb3+ Kh8 18. Nd2 Qg4 19. f3 Qh5 20. Nf1 b5 21. Ng3 Qg6 22. Bf2 Bf4 23. Rcd1 Bd5 24. Qa3 f5 25. Kh1 c6 26. Ne2 Bd6 27. Qxa6 Ra8 28. Qb7 Rxa2 29. Ra1 Rxa1 30. Rxa1 Re8 31. Ra8 h6 32. Nc1 Kh7 33. Nd3 Rxa8 34. Qxa8 Qe6 35. Ne5 Bxe5 36. dxe5 Qxe5 37. h3 Qxc3 38. Qa7 Qc1+ 39. Kh2 Qg5 40. Bd4 b4 41. Be5 b3 42. Bd4 Qg6 43. Be5 Qf7 44. Qd4 Qb7 45. Qb2 c5 46. Bc3 c4 47. Be5 Qa7 48. Qc3 Qe7 49. Qd4 Be6 50. Qc3 Qf7 51. Bd4 f4 52. Be5 Bc8 53. Qb2 Bf5 54. Qc3 Bd3 55. Qb2 Bg6 56. Qd4 Bc2 57. Qc3 Bd3 58. Qd4 Bf1 59. Kg1 Bd3 60. Kh2 Qb7 61. Qb2 Qa7 62. Qd2 Qe3 63. Qb2 Qe2 64. Qd4 b2 65. Qxb2 Qxb2 66. Bxb2 g5 67. h4 Kg6 68. hxg5 hxg5 69. g3 Be2 70. gxf4 gxf4 71. Kg2 Kf5 72. Bc3 Bd1 73. Bb2 Bxf3+ 74. Kxf3 1/2-1/2

[Event "CAN-ch"]
[Site "Toronto CAN"]
[Date "2004.08.23"]
[Round "4.32"]
[White "Ng, Gary"]
[Black "Smith, Hazel"]
[Result "0-1"]
[WhiteElo "2180"]
[BlackElo "2016"]
[PlyCount "74"]
[GameId "2160767911077952"]
[EventDate "2004.08.20"]
[EventType "swiss"]
[EventRounds "11"]
[EventCountry "CAN"]

1. e4 e6 2. c4 d5 3. cxd5 exd5 4. exd5 Qxd5 5. Nc3 Qd8 6. d4 Nf6 7. Bc4 Be7 8. Nf3 O-O 9. h3 h6 10. Qd3 Bd6 11. O-O Kh8 12. Nb5 c6 13. Nxd6 Qxd6 14. Qb3 Nd5 15. Re1 Nd7 16. Ne5 N7b6 17. Qf3 Be6 18. Bd3 Rae8 19. g4 Qb4 20. Re4 Nf6 21. g5 Nxe4 22. Qxe4 g6 23. a3 Qb3 24. Qe2 Bxh3 25. gxh6 Qd5 26. f4 Qxd4+ 27. Be3 Qd5 28. Rd1 Qe6 29. h7 Bf5 30. Bd4 f6 31. Qh2 Bxd3 32. Rxd3 Qf5 33. Qh6 fxe5 34. Rg3 exd4 35. Rxg6 Qxg6+ 36. Qxg6 Rg8 37. hxg8=Q+ Rxg8 0-1

[Event "CAN-ch"]
[Site "Toronto CAN"]
[Date "2004.08.23"]
[Round "4.33"]
[White "Davies, Noam"]
[Black "Aspler, Gerald"]
[Result "1-0"]
[WhiteElo "1953"]
[BlackElo "2138"]
[PlyCount "59"]
[GameId "2160767911077953"]
[EventDate "2004.08.20"]
[EventType "swiss"]
[EventRounds "11"]
[EventCountry "CAN"]

1. e4 d6 2. d4 Nf6 3. Nc3 g6 4. f3 Bg7 5. Be3 O-O 6. Qd2 Re8 7. O-O-O Nbd7 8. e5 c6 9. exf6 Bxf6 10. h4 b5 11. h5 Qa5 12. hxg6 hxg6 13. Bg5 Bg7 14. Bh6 Bh8 15. Qg5 Bf6 16. Qg3 b4 17. Ne4 Qxa2 18. Qh2 Qa1+ 19. Kd2 Qxb2 20. Be3 Bg7 21. Qh7+ Kf8 22. Bh6 e5 23. Bxg7+ Ke7 24. Qh4+ f6 25. Bxf6+ Ke6 26. Bc4+ d5 27. Qg4+ Kf7 28. Rh7+ Kf8 29. Qxg6 Qxd4+ 30. Bd3 1-0

[Event "CAN-ch"]
[Site "Toronto CAN"]
[Date "2004.08.23"]
[Round "4.34"]
[White "Anastasovski, Nikola"]
[Black "Goutor, Valentina"]
[Result "1-0"]
[WhiteElo "2080"]
[BlackElo "2065"]
[PlyCount "71"]
[GameId "2160767911077954"]
[EventDate "2004.08.20"]
[EventType "swiss"]
[EventRounds "11"]
[EventCountry "CAN"]

1. e4 c5 2. c4 Nc6 3. Nc3 g6 4. g3 Bg7 5. Bg2 e6 6. Nge2 Nge7 7. d3 O-O 8. Be3 Nd4 9. Qd2 d6 10. Rc1 a6 11. Bh6 e5 12. f3 f6 13. h4 Nxe2 14. Kxe2 Nc6 15. Be3 Rb8 16. h5 Rf7 17. hxg6 hxg6 18. Rh2 Nd4+ 19. Bxd4 cxd4 20. Nd5 Be6 21. Bh3 f5 22. Rch1 Qf8 23. g4 fxe4 24. fxe4 Rf3 25. Kd1 Rxh3 26. Rxh3 Bxg4+ 27. Kc2 Bxh3 28. Rxh3 b5 29. Qg2 bxc4 30. dxc4 Rb7 31. a3 Qf7 32. Rg3 Kh7 33. Kb1 Qe6 34. Rh3+ Bh6 35. Rh1 Rg7 36. Qg5 1-0

[Event "CAN-ch"]
[Site "Toronto CAN"]
[Date "2004.08.24"]
[Round "5"]
[White "Day, Lawrence"]
[Black "Milicevic, Goran"]
[Result "0-1"]
[WhiteElo "2266"]
[BlackElo "2271"]
[PlyCount "97"]
[GameId "2160767911077956"]
[EventDate "2004.08.20"]
[EventType "swiss"]
[EventRounds "11"]
[EventCountry "CAN"]
[SourceTitle "CBM 101 Extra"]
[Source "ChessBase"]
[SourceDate "2004.09.01"]
[SourceVersion "2"]
[SourceVersionDate "2004.09.01"]
[SourceQuality "1"]

1. Nf3 e6 2. g3 d5 3. Bg2 c5 4. O-O Nc6 5. b3 Be7 6. Bb2 Nf6 7. e3 O-O 8. d3 b5 9. Nbd2 Qc7 10. Qe2 Bb7 11. c4 a6 12. Rfd1 Rfd8 13. a3 bxc4 14. bxc4 a5 15. Rac1 d4 16. Rb1 Rab8 17. Bh3 a4 18. e4 Bc8 19. Nh4 g5 20. Ng2 e5 21. Bxc8 Qxc8 22. Bc1 Qh3 23. Rxb8 Rxb8 24. Nf1 h6 25. f3 Nd8 26. Qc2 Qd7 27. f4 Ne6 28. Kh1 Bd6 29. Qe2 exf4 30. gxf4 Nxf4 31. Nxf4 Bxf4 32. Bxf4 gxf4 33. Nd2 Rb2 34. Qf3 Qd6 35. Qh3 Qe6 36. Qxh6 Ng4 37. Qxf4 Kf8 38. Rf1 Ne5 39. Nf3 Nxd3 40. Qh4 Qg6 41. Ng5 Nf2+ 42. Rxf2 Rxf2 43. Qh8+ Ke7 44. Qe5+ Kd7 45. Qd5+ Qd6 46. Qb7+ Qc7 47. Qd5+ Ke7 48. e5 Qb6 49. Ne4 0-1

[Event "CAN-ch"]
[Site "Toronto CAN"]
[Date "2004.08.24"]
[Round "5"]
[White "Dougherty, Michael"]
[Black "Stevens, Christian"]
[Result "1/2-1/2"]
[WhiteElo "2229"]
[BlackElo "2266"]
[PlyCount "74"]
[GameId "2160767911077957"]
[EventDate "2004.08.20"]
[EventType "swiss"]
[EventRounds "11"]
[EventCountry "CAN"]
[SourceTitle "CBM 101 Extra"]
[Source "ChessBase"]
[SourceDate "2004.09.01"]
[SourceVersion "2"]
[SourceVersionDate "2004.09.01"]
[SourceQuality "1"]

1. d4 Nf6 2. Nf3 e6 3. c4 Nc6 4. Nc3 Bb4 5. Bg5 h6 6. Bxf6 Qxf6 7. g3 e5 8. d5 Bxc3+ 9. bxc3 Nb8 10. Nd2 d6 11. c5 O-O 12. Bg2 Qe7 13. O-O f5 14. Rb1 e4 15. Nc4 Na6 16. cxd6 cxd6 17. Qd4 Nc5 18. f3 b6 19. fxe4 fxe4 20. Rxf8+ Qxf8 21. Nd2 Ba6 22. Nxe4 Re8 23. Nxc5 bxc5 24. Qf4 Rxe2 25. Bh3 Qxf4 26. gxf4 Re8 27. Be6+ Kf8 28. Kf2 Bc4 29. a4 Re7 30. Kf3 Ba6 31. Ke4 Rb7 32. Rg1 Rb2 33. f5 Re2+ 34. Kf4 Rf2+ 35. Ke4 Re2+ 36. Kf4 Rf2+ 37. Ke4 Re2+ 1/2-1/2

[Event "CAN-ch"]
[Site "Toronto CAN"]
[Date "2004.08.24"]
[Round "5"]
[White "Huber, Gregory"]
[Black "Divljan, Igor"]
[Result "0-1"]
[WhiteElo "2219"]
[BlackElo "2317"]
[PlyCount "68"]
[GameId "2160767911077958"]
[EventDate "2004.08.20"]
[EventType "swiss"]
[EventRounds "11"]
[EventCountry "CAN"]
[SourceTitle "CBM 101 Extra"]
[Source "ChessBase"]
[SourceDate "2004.09.01"]
[SourceVersion "2"]
[SourceVersionDate "2004.09.01"]
[SourceQuality "1"]

1. c4 Nf6 2. g3 e6 3. Bg2 d5 4. Nf3 dxc4 5. Qa4+ Bd7 6. Qxc4 Bc6 7. O-O Be7 8. Nc3 O-O 9. d4 a6 10. a3 Ne4 11. Qd3 Nxc3 12. bxc3 Nd7 13. c4 Nf6 14. Bb2 Be4 15. Qb3 Rb8 16. Ne5 Bxg2 17. Kxg2 Nd7 18. Nf3 b5 19. Rab1 Qc8 20. Rfc1 b4 21. axb4 Bxb4 22. Qd3 Rd8 23. Ng5 Nf8 24. Qf3 Bd2 25. Qxf7+ Kh8 26. Ba1 Rxb1 27. Rxb1 Bxg5 28. d5 Bh6 29. Qh5 Kg8 30. e4 exd5 31. cxd5 Qd7 32. Rb7 Qa4 33. Qe5 Re8 34. Qxc7 Qxe4+ 0-1

[Event "CAN-ch"]
[Site "Toronto CAN"]
[Date "2004.08.24"]
[Round "5"]
[White "Moskvitch, Andrei"]
[Black "Yoos, John"]
[Result "1-0"]
[WhiteElo "2179"]
[BlackElo "2405"]
[PlyCount "53"]
[GameId "2160767911077959"]
[EventDate "2004.08.20"]
[EventType "swiss"]
[EventRounds "11"]
[EventCountry "CAN"]
[SourceTitle "CBM 101 Extra"]
[Source "ChessBase"]
[SourceDate "2004.09.01"]
[SourceVersion "2"]
[SourceVersionDate "2004.09.01"]
[SourceQuality "1"]

1. e4 c5 2. Nf3 Nc6 3. d4 cxd4 4. Nxd4 Nf6 5. Nc3 d6 6. Be3 e5 7. Nf3 h6 8. Bc4 Be7 9. h3 a6 10. O-O O-O 11. Qe2 b5 12. Bb3 Qc7 13. Nd5 Nxd5 14. Bxd5 Rb8 15. c3 Bd7 16. b4 Rfc8 17. Rac1 Qd8 18. a3 Qf8 19. c4 Bd8 20. Rfd1 Kh7 21. c5 f5 22. exf5 dxc5 23. Bxc5 Qf6 24. Be4 Be8 25. Rd6 Qf7 26. f6+ Kh8 27. Bxc6 1-0

[Event "CAN-ch"]
[Site "Toronto CAN"]
[Date "2004.08.24"]
[Round "5"]
[White "Peng, David Yu"]
[Black "Lawson, Eric"]
[Result "0-1"]
[WhiteElo "2038"]
[BlackElo "2276"]
[PlyCount "116"]
[GameId "2160767911077961"]
[EventDate "2004.08.20"]
[EventType "swiss"]
[EventRounds "11"]
[EventCountry "CAN"]
[SourceTitle "CBM 101 Extra"]
[Source "ChessBase"]
[SourceDate "2004.09.01"]
[SourceVersion "2"]
[SourceVersionDate "2004.09.01"]
[SourceQuality "1"]

1. d4 Nf6 2. c4 c5 3. Nf3 g6 4. Nc3 Bg7 5. g3 O-O 6. Bg2 Nc6 7. O-O Nxd4 8. Nxd4 cxd4 9. Qxd4 d6 10. Qd3 Bf5 11. e4 Be6 12. b3 Rb8 13. Bb2 a6 14. Rfd1 Qa5 15. Qd2 Rfc8 16. Ne2 Qxd2 17. Rxd2 b5 18. cxb5 axb5 19. Nf4 Nd7 20. Nxe6 Bxb2 21. Rxb2 fxe6 22. Rd2 Rc3 23. Kf1 b4 24. Ke2 e5 25. Kd1 Nc5 26. Rc2 Rxc2 27. Kxc2 Rc8 28. Kd2 Ra8 29. Kc2 Ra3 30. Kb1 Kf7 31. f3 g5 32. Bh3 e6 33. Kb2 Ke7 34. Rd1 h5 35. Bf1 Ra8 36. Be2 Rf8 37. Rf1 d5 38. a3 bxa3+ 39. Kxa3 Ra8+ 40. Kb2 Rb8 41. exd5 Rxb3+ 42. Kc2 exd5 43. Rd1 Ke6 44. f4 gxf4 45. Bxh5 fxg3 46. hxg3 e4 47. g4 Rg3 48. Bf7+ Kxf7 49. Rxd5 Ne6 50. Rf5+ Ke7 51. Re5 Rxg4 52. Kd2 Kf6 53. Ra5 Rg3 54. Ke1 Nf4 55. Ra6+ Kf5 56. Ra8 e3 57. Kf1 Ke4 58. Re8+ Kf3 0-1

[Event "CAN-ch"]
[Site "Toronto CAN"]
[Date "2004.08.24"]
[Round "5"]
[White "Tessier, Olivier"]
[Black "Predescu, Sebastian"]
[Result "0-1"]
[WhiteElo "2141"]
[BlackElo "2221"]
[PlyCount "90"]
[GameId "2160767911077962"]
[EventDate "2004.08.20"]
[EventType "swiss"]
[EventRounds "11"]
[EventCountry "CAN"]
[SourceTitle "CBM 101 Extra"]
[Source "ChessBase"]
[SourceDate "2004.09.01"]
[SourceVersion "2"]
[SourceVersionDate "2004.09.01"]
[SourceQuality "1"]

1. e4 c5 2. Nf3 d6 3. d4 cxd4 4. Nxd4 Nf6 5. Nc3 a6 6. Be2 e5 7. Nb3 Be7 8. O-O O-O 9. f4 Nbd7 10. f5 b5 11. a3 Bb7 12. Bf3 Rc8 13. g4 Qb6+ 14. Kh1 Rxc3 15. bxc3 Nxe4 16. Qe1 Ng5 17. Bxg5 Bxg5 18. Qf2 Qxf2 19. Rxf2 e4 20. Bg2 Ne5 21. h3 Rc8 22. Re2 Rxc3 23. a4 g6 24. axb5 axb5 25. Nd4 b4 26. Nb5 Rc6 27. Ra7 Ba6 28. Rxe4 Bxb5 29. Rb7 Rc5 30. Rxb4 Bc6 31. Bxc6 Rxc6 32. Rb2 Kg7 33. fxg6 hxg6 34. R7b6 Rc3 35. R6b3 Rc4 36. Rb4 d5 37. Kg2 d4 38. Rb5 Bf4 39. R5b4 Be3 40. Rb5 Kf6 41. Rb6+ Kg5 42. R6b4 Rc6 43. Rb6 Rxb6 44. Rxb6 d3 45. cxd3 Bxb6 0-1

[Event "CAN-ch"]
[Site "Toronto CAN"]
[Date "2004.08.24"]
[Round "5.2"]
[White "Bluvshtein, Mark"]
[Black "Tyomkin, Dimitri"]
[Result "1/2-1/2"]
[WhiteElo "2520"]
[BlackElo "2550"]
[PlyCount "36"]
[GameId "2160767911077965"]
[EventDate "2004.08.20"]
[EventType "swiss"]
[EventRounds "11"]
[EventCountry "CAN"]

1. e4 e5 2. Nf3 Nf6 3. d4 Nxe4 4. Bd3 d5 5. Nxe5 Nd7 6. Nxd7 Bxd7 7. O-O Bd6 8. c4 c6 9. cxd5 cxd5 10. Qh5 O-O 11. Qxd5 Bc6 12. Qh5 g6 13. Qh6 Re8 14. Be3 Bf8 15. Qf4 Bd6 16. Qh6 Bf8 17. Qf4 Bd6 18. Qh6 Bf8 1/2-1/2